000 00800cab a2200265 4500
001 ABS59931
008 090401t1999 xxu||||| |||| 00| 0 eng d
035 _a(Sirsi) u90670
041 _aeng
245 _aRegional survey: Cheshire & north Wales
260 _c1999
350 _a0
490 _aProperty Week
_v64(1) 8 January 1999, 44-58(7)
650 _aCHESHIRE
650 _aCHESTER
650 _aINDUSTRIAL MARKET
650 _aNORTH WALES
650 _aPROPERTY-COMMERCIAL PROPERTY-OFFICE PROPERTY-OFFICE PROPERTY MARKET
650 _aPLANNING ISSUES
650 _aRETAIL DEVELOPMENT
650 _aPROPERTY-COMMERCIAL PROPERTY-RETAIL PROPERTY-RETAIL PROPERTY MARKET
690 _aPROPERTY-COMMERCIAL PROPERTY-COMMERCIAL PROPERTY MARKET
942 _n0
948 _c12/01/1999
999 _c57489
_d57489